000 01080nam a22002057a 4500
003 OSt
005 20260220080504.0
008 260220b |||||||| |||| 00| 0 eng d
020 _a9780142410325
040 _aDWCL GS library
_cOC
082 _aFic. D131c 1998
100 _aDahl, Roald
245 _acharlie and the great glass elevator
_cRoald Dahl
260 _aNew York
_bPenguin Group Inc.
_cc1972
300 _a159
_billustrations
_c20cm
520 _aNow that he's won the chocolate factory, what's next for charlie? Last seen flying through the sky in a giant elevator in charlie and the chocolate factory, charlie bucket's back for another adventure. When giant elevator picks up speed, charlie, willy wonka, and the gang are sent hurting through space and time. Visiting the world's first space hotel, battling the dreaded vermicious knids, and saving the world are only a few stops along this remarkable , intergalactic joyride.
546 _aEnglish
700 _aRoald Dahl
942 _2ddc
_cFIC.
_hFic. D131c 1998
_n0
999 _c8475
_d8475